Anerkannte, nicht anerkannte Länder, und Territorien der Welt - Statistiken

Allgemein
  • Dieses Quiz wurde 2.233 mal gespielt
  • Das Durchschnittsergebnis liegt bei 160 aus 250
Antworten auf der Karte
Die Antworten werden auf der Karte rot bzw. grün angezeigt, abhängig davon wie oft sie richtig erraten wurden.
 
Antwortstatistiken
Land % Korrekt
Vereinigte Staaten
81%
Grönland
80%
Kanada
77%
Vereinigtes Königreich
77%
Mexiko
76%
Brasilien
74%
Deutschland
74%
Island
74%
Französisch- Guayana
73%
Irland
73%
Japan
73%
Kuba
73%
Peru
73%
Argentinien
72%
Australien
72%
Bahamas
72%
Bolivien
72%
Chile
72%
China
72%
Dänemark
72%
Frankreich
72%
Kolumbien
72%
Neuseeland
72%
Nordkorea
72%
Norwegen
72%
Panama
72%
Paraguay
72%
Portugal
72%
Russland
72%
Schweden
72%
Schweiz
72%
Spanien
72%
Südkorea
72%
Uruguay
72%
Belarus
71%
Belgien
71%
Costa Rica
71%
Dominikanische Republik
71%
Ecuador
71%
El Salvador
71%
Estland
71%
Finnland
71%
Haiti
71%
Honduras
71%
Indien
71%
Indonesien
71%
Italien
71%
Lettland
71%
Litauen
71%
Marokko
71%
Niederlande
71%
Österreich
71%
Papua-Neuguinea
71%
Polen
71%
Rumänien
71%
Türkei
71%
Ukraine
71%
Venezuela
71%
Ägypten
70%
Algerien
70%
Belize
70%
Bosnien und Herzegowina
70%
Bulgarien
70%
DR Kongo
70%
Georgien
70%
Griechenland
70%
Irak
70%
Jordanien
70%
Kasachstan
70%
Madagaskar
70%
Malta
70%
Mongolei
70%
Myanmar
70%
Niger
70%
Nordmazedonien
70%
Oman
70%
Philippinen
70%
Republik Kongo
70%
Saudi-Arabien
70%
Slowakei
70%
Sri Lanka
70%
Südafrika
70%
Taiwan
70%
Thailand
70%
Tschechien
70%
Ungarn
70%
Vietnam
70%
Zypern
70%
Afghanistan
69%
Albanien
69%
Armenien
69%
Bangladesch
69%
Bhutan
69%
Elfenbeinküste
69%
Guatemala
69%
Guyana
69%
Iran
69%
Israel
69%
Jamaika
69%
Jemen
69%
Kambodscha
69%
Kenia
69%
Kosovo
69%
Kroatien
69%
Liechtenstein
69%
Luxemburg
69%
Mali
69%
Moldawien
69%
Nepal
69%
Nicaragua
69%
Nigeria
69%
Pakistan
69%
Serbien
69%
Slowenien
69%
Somalia
69%
Sudan
69%
Südsudan
69%
Suriname
69%
Tunesien
69%
Vereinigte Arabische Emirate
69%
Andorra
68%
Aserbaidschan
68%
Äthiopien
68%
Eritrea
68%
Fidschi
68%
Ghana
68%
Guinea
68%
Kap Verde
68%
Katar
68%
Kirgisistan
68%
Laos
68%
Libyen
68%
Malaysia
68%
Malediven
68%
Mikronesien
68%
Montenegro
68%
Senegal
68%
Seychellen
68%
Syrien
68%
Tschad
68%
Turkmenistan
68%
Usbekistan
68%
Vatikanstadt
68%
Zentralafrikanische Republik
68%
Amerikanisch- Samoa
67%
Eswatini
67%
Kuwait
67%
Lesotho
67%
Mauretanien
67%
Namibia
67%
Tadschikistan
67%
Togo
67%
Trinidad und Tobago
67%
Angola
66%
Bahrain
66%
Benin
66%
Botswana
66%
Burkina Faso
66%
Kamerun
66%
Kiribati
66%
Mauritius
66%
Palästina
66%
Salomonen
66%
San Marino
66%
Simbabwe
66%
St. Kitts und Nevis
66%
St. Lucia
66%
St. Vincent und die Grenadinen
66%
Tansania
66%
Tuvalu
66%
Uganda
66%
Westsahara
66%
Äquatorial- Guinea
65%
Dschibuti
65%
Färöer
65%
Gambia
65%
Grenada
65%
Guinea-Bissau
65%
Komoren
65%
Libanon
65%
Malawi
65%
Marshallinseln
65%
Monaco
65%
Mosambik
65%
Palau
65%
Ruanda
65%
Samoa
65%
Sierra Leone
65%
Singapur
65%
Vanuatu
65%
Antigua und Barbuda
64%
Burundi
64%
Gabun
64%
Nauru
64%
Sambia
64%
São Tomé und Príncipe
64%
Dominica
63%
Liberia
63%
Barbados
62%
Osttimor
62%
Brunei
61%
Bermuda
60%
Tonga
60%
Falklandinseln
59%
Puerto Rico
58%
Nordzypern
56%
Svalbard und Jan Mayen
56%
Weihnachtsinsel
55%
Französisch- Polynesien
53%
Somaliland
53%
Guam
52%
Amerikanische Jungferninseln
50%
Aruba
50%
Britische Jungferninseln
50%
Curaçao
50%
Gibraltar
50%
Transnistrien
50%
Hongkong
49%
Isle of Man
49%
St. Helena, Ascension und Tristan da Cunha
49%
Abchasien
48%
Cookinseln
47%
Martinique
47%
Neukaledonien
46%
Turks- und Caicosinseln
46%
Réunion
45%
Nördliche Marianen
44%
Guadeloupe
43%
Kaiman-Inseln
43%
Niue
43%
Anguilla
42%
Guernsey
42%
Kokosinseln
42%
Südossetien
42%
Jersey
41%
Karibische Niederlande
41%
Macau
41%
Mayotte
41%
Pitcairninseln
40%
Montserrat
39%
Saint Martin
39%
Sint Maarten
39%
Norfolkinsel
38%
Saint-Pierre und Miquelon
36%
Wallis und Futuna
36%
Tokelau
33%
Saint Barthélemy
31%
Åland
14%
Gurkistan
8%
Free states of Obsidian
5%
Keine übereinstimmenden Quizze gefunden
Verteilung der Resultate
Anzahl Personen mit jedem Resultat
Perzentil nach korrekt beantworteten Fragen
Ihre Resultats-Entwicklung
Sie haben dieses Quiz noch nicht gespielt